| 000 | 01121nam a22003255i 4500 | ||
|---|---|---|---|
| 999 |
_c28703 _d28674 |
||
| 001 | 013385801 | ||
| 003 | EG-ScBUE | ||
| 005 | 20200915105746.0 | ||
| 008 | 051104r20041998enk f 000 1 eng d | ||
| 020 | _a9780060736279 (pbk.) | ||
| 040 |
_aStDuBDS _beng _erda _cStDuBDS _dUk _dStDuBDS _dEG-ScBUE |
||
| 041 | 1 |
_aeng _hpor |
|
| 082 | 0 | 4 |
_a869.3 _bCOE _222 |
| 100 | 1 |
_aCoelho, Paulo, _eauthor. |
|
| 245 | 1 | 4 |
_aThe fifth mountain / _cPaulo Coelho ; translated by Clifford E. Landers. |
| 250 | _aReprint edition. | ||
| 264 | 1 |
_aNew York : _bHarper / HarperCollins Publishers, _c2004. |
|
| 300 |
_a244 pages ; _c20 cm |
||
| 336 |
_atext _btxt _2rdacontent |
||
| 337 |
_aunmediated _bn _2rdamedia |
||
| 338 |
_avolume _bnc _2rdacarrier |
||
| 500 | _aThis translation originally published: 1998. | ||
| 546 | _atext in English; translated from the Portuguese. | ||
| 600 | 0 | 7 |
_aElijah _c(Biblical prophet) _vFiction. _2BUEsh _924382 |
| 650 | 7 |
_aProphets _vFiction. _2BUEsh |
|
| 653 |
_bHHUUEENN _cSeptember2020 |
||
| 655 | 0 |
_aReligious fiction. _924385 |
|
| 700 | 1 |
_aLanders, Clifford E., _etranslator. _924386 |
|
| 942 |
_2ddc _cBB |
||